General election, Bihar Legislative Assembly: statistical analysis, 1977 (Record no. 490532)

000 -LEADER
fixed length control field 00444cam a22001217a 4500
008 - FIXED-LENGTH DATA ELEMENTS--GENERAL INFORMATION
fixed length control field 180718b1977 xxu||||| |||| 00| 0 eng d
082 ## - DEWEY DECIMAL CLASSIFICATION NUMBER
Classification number F8065x5413 L/1977
100 ## - MAIN ENTRY--PERSONAL NAME
Personal name Rai, U.N.
245 ## - TITLE STATEMENT
Title General election, Bihar Legislative Assembly: statistical analysis, 1977
Statement of responsibility, etc. by U.N. Rai
260 ## - PUBLICATION, DISTRIBUTION, ETC.
Place of publication, distribution, etc. Patna
Name of publisher, distributor, etc. Cabinet Secretariat and Co-ordination Department
Date of publication, distribution, etc. 1977
300 ## - PHYSICAL DESCRIPTION
Extent 228+p.
700 ## - ADDED ENTRY--PERSONAL NAME
Personal name Bihar. Cabinet Secretariat and Co-ordination Department
Holdings
Withdrawn status Lost status Damaged status Not for loan Permanent Location Current Location Date acquired Full call number Barcode Date last seen Price effective from Koha item type
        Indian Institute of Public Administration Indian Institute of Public Administration 2018-08-04 F8065x5413 L/1977 GG20148 2018-08-04 2018-08-04 GG

Powered by Koha